| 000 | 00886nas a2200289 4500 | ||
|---|---|---|---|
| 001 | BR9509888 | ||
| 003 | BR-BrBNA | ||
| 005 | 20231205095536.0 | ||
| 007 | ta | ||
| 008 | 230509b bl.|||p| |||| 00| 00por d | ||
| 040 |
_aBR-BrBNA _bpor _cBiblioteca Nacional de Agricultura |
||
| 041 | _a(Pt) | ||
| 072 | _aF01; F08 | ||
| 100 | 1 | _aCosta, N. de L. | |
| 100 | 1 | _aSaibro, J.C. de | |
| 245 | 1 | _aEfeito de regimes de corte sobre a producao estacional de forragem de alfafa e Paspalum guenoarum Arech. sob cultivo consorciado | |
| 650 | _aAlfafa | ||
| 650 | _aCapim Ramirez | ||
| 650 | _aRendimento | ||
| 650 | _aCorte | ||
| 650 | _aMateria Seca | ||
| 650 | _aConsorciacao de Cultura | ||
| 650 | _aErva Daninha | ||
| 773 | 0 |
_tPesquisa Agropecuaria Gaucha (Brazil) _x _g(1995), v. 1(1) p. 111-117 _wBR9509888 |
|
| 909 |
_a202311 _bLúcia _c55 _dLúcia Elande |
||
| 942 |
_2AGRIS _n0 _cANA |
||
| 999 |
_c151278 _d151278 |
||